000 00630nam a2200205Ia 4500
005 20250507130131.0
008 008 250505s9999 xx 000 0 eng d
037 _aDIS
040 _aEASL
_beng
_cEASL
041 _aeng
_2eng
084 _a0000061, DIV
_qEASL
100 _aDivakar Rao Y. V. S.
245 0 _aJapanese Communist Party : Recent developments B.M. Tankha
260 _aIndia
_bDelhi University. Social Sciences. Chinese & Japanese
_c1990
300 _a178P.
546 _aBoth Acc. Nos. are of same dissertation
650 _aDiss
942 _cDIS
_h0000061, DIV
999 _c1317920
_d1317920